Cuentos en verso para niños perversos / (Registro nro. 3539)
[ vista simple ]
| 000 -LEADER | |
|---|---|
| fixed length control field | 01117nam a2200241Ia 4500 |
| 003 - CONTROL NUMBER IDENTIFIER | |
| control field | OSt |
| 005 - DATE AND TIME OF LATEST TRANSACTION | |
| control field | 20200413112937.0 |
| 008 - FIXED-LENGTH DATA ELEMENTS--GENERAL INFORMATION | |
| fixed length control field | 191128t2013 ck a br 000 j spa d |
| 020 ## - INTERNATIONAL STANDARD BOOK NUMBER | |
| International Standard Book Number | 9789587583151 |
| 040 ## - CATALOGING SOURCE | |
| Original cataloging agency | CO-JMCR |
| Transcribing agency | CO-JMCR |
| 041 0# - LANGUAGE CODE | |
| Language code of text/sound track or separate title | spa |
| 082 04 - DEWEY DECIMAL CLASSIFICATION NUMBER | |
| Classification number | C / |
| Item number | DAHc |
| 100 1# - MAIN ENTRY--PERSONAL NAME | |
| Personal name | Dahl, Roald, |
| Dates associated with a name | 1916-1990 |
| Relator term | Autor |
| 9 (RLIN) | 2911 |
| 245 10 - TITLE STATEMENT | |
| Title | Cuentos en verso para niños perversos / |
| Statement of responsibility, etc. | Roald Dahl ; traducido por Miguel Azaola |
| 250 ## - EDITION STATEMENT | |
| Edition statement | Primer edición |
| 260 ## - PUBLICATION, DISTRIBUTION, ETC. | |
| Place of publication, distribution, etc. | Bogotá : |
| Name of publisher, distributor, etc. | Alfaguara, |
| Date of publication, distribution, etc. | ©2013 |
| 300 ## - PHYSICAL DESCRIPTION | |
| Extent | 58 páginas : |
| Other physical details | ilustraciones a color ; |
| Dimensions | 24 cm. |
| 490 0# - SERIES STATEMENT | |
| Series statement | Nidos para la lectura |
| 505 ## - FORMATTED CONTENTS NOTE | |
| Formatted contents note | La cenicienta -- Juan y la habichuela mágica -- Blanca nieves y los siete enanos -- Rizos de oro y los tres osos -- Caperucita roja y el lobo -- Los tres cerditos |
| 520 ## - SUMMARY, ETC. | |
| Summary, etc. | "A los traviesos lectores que ya creen haber superado la etapa de Caperucita Roja, estos Cuentos en verso los harán soltar más de una carcajada. El inglés Roald Dahl, genio de la literatura y maestro del humor negro, se divierte transformando aquellas his |
| 650 14 - SUBJECT ADDED ENTRY--TOPICAL TERM | |
| Topical term or geographic name entry element | Cuentos infantiles |
| 9 (RLIN) | 2912 |
| 942 ## - ADDED ENTRY ELEMENTS (KOHA) | |
| Source of classification or shelving scheme | Dewey Decimal Classification |
| Koha item type | Books |
| Withdrawn status | Lost status | Source of classification or shelving scheme | Damaged status | Not for loan | Collection code | Home library | Current library | Date acquired | Cost, normal purchase price | Total Checkouts | Full call number | Barcode | Date last seen | Date last checked out | Copy number | Koha item type | Public note |
|---|---|---|---|---|---|---|---|---|---|---|---|---|---|---|---|---|---|
| Dewey Decimal Classification | Fiction | Biblioteca Pública José María del Castillo y Rada | Biblioteca Pública José María del Castillo y Rada | 11/28/2019 | 0.00 | 6 | C / DAHc | 201807401 | 01/29/2026 | 01/29/2026 | Ej.1 | Books | Exlibris : danna segura 3°g |